000 00608nam a22001817a 4500
999 _c12471
_d12471
008 190125b ||||| |||| 00| 0 eng d
020 _a971-542-291-8
082 _22001
_aDFil 899.211
_bP53
245 _aZamboanga's pulong bato:
_bA mountain and a legend/
_cDamiana Eugenio [Compiler and Editor]
260 _aQuezon City:
_bUP Press;
_cc2001.
300 _aPage 197-199;
_c22.5 cm.
500 _aPhilippine folk literature: The myths
650 _aMythology
_935159
650 _aLegends
_935160
650 _aPhilippine folk literature (English)
_935161
650 _aFolklore
_935162
942 _2ddc
_cDFIL